书目信息 |
| 题名: |
精彩织钩一本通5588
|
|
| 作者: | 洋洋 选编 | |
| 分册: | ||
| 出版信息: | 上海 上海科学普及出版社 2008.08 |
|
| 页数: | 176页 | |
| 开本: | 29cm | |
| 丛书名: | ||
| 单 册: | ||
| 中图分类: | TS941.763-64 | |
| 科图分类: | ||
| 主题词: | 绒线--rong xian--服装--编织--图集 | |
| 电子资源: | ||
| ISBN: | 978-7-5427-3936-0 | |
| 000 | 00785nam0 2200229 450 | |
| 001 | 012008041000 | |
| 005 | 20081218093053.40 | |
| 010 | @a978-7-5427-3936-0@dCNY32.80 | |
| 100 | @a20081218d2008 em y0chiy0120 ea | |
| 101 | 0 | @achi |
| 102 | @aCN@b310000 | |
| 105 | @aa z 000yy | |
| 106 | @ar | |
| 200 | 1 | @a精彩织钩一本通5588@Ajing cai zhi gou yi ben tong 5588@f洋洋选编@Fyang yang xuan bian |
| 210 | @a上海@c上海科学普及出版社@d2008.08 | |
| 215 | @a176页@c图@d29cm | |
| 330 | @a本书列举了不同年龄阶段的钩织样式,以及相应的配戴装饰,最后介绍了钩织基本针法、常见起针方法、接缝编织方法等。 | |
| 606 | 0 | @a绒线@Arong xian@x服装@x编织@j图集 |
| 690 | @aTS941.763-64@v4 | |
| 701 | 0 | @a洋洋@Ayang yang@4选编 |
| 801 | 0 | @aCN@bQSSK@c20081218 |
| 905 | @b735459-61@dTS941.763-64@eY340@f3 | |
| 精彩织钩一本通5588/洋洋选编.-上海:上海科学普及出版社,2008.08 |
| 176页:图;29cm |
| ISBN 978-7-5427-3936-0:CNY32.80 |
| 本书列举了不同年龄阶段的钩织样式,以及相应的配戴装饰,最后介绍了钩织基本针法、常见起针方法、接缝编织方法等。 |
| ● |
| 相关链接 |
|
|
|
正题名:精彩织钩一本通5588
索取号:TS941.763-64/Y340
 
预约/预借
| 序号 | 登录号 | 条形码 | 馆藏地/架位号 | 状态 | 备注 |
| 1 | 735459 | 207354593 | 自科库501/501自科库 44排1列1层/ [索取号:TS941.763-64/Y340] | 在馆 | |
| 2 | 735460 | 207354600 | 自科库501/504自科库 41排3列3层/ [索取号:TS941.763-64/Y340] | 在馆 | |
| 3 | 735461 | 207354619 | 自科库501/501自科库 44排1列1层/ [索取号:TS941.763-64/Y340] | 在馆 |